বাংলাদেশের ভূমিব্যবস্থা / (Record no. 76258)
[ view plain ]
| 000 -LEADER | |
|---|---|
| fixed length control field | 00858nam a22002297a 4500 |
| 001 - CONTROL NUMBER | |
| control field | 76258 |
| 003 - CONTROL NUMBER IDENTIFIER | |
| rucl marc code | BD-RjUL |
| 005 - DATE AND TIME OF LATEST TRANSACTION | |
| control field | 20211209082821.0 |
| 008 - FIXED-LENGTH DATA ELEMENTS--GENERAL INFORMATION | |
| fixed length control field | 191118r20021999bg ||||| |||| 00| 0 eng d |
| 020 ## - INTERNATIONAL STANDARD BOOK NUMBER | |
| International Standard Book Number | 9844101522 |
| 035 ## - SYSTEM CONTROL NUMBER | |
| System control number | (BD-RjUL)76479 |
| 040 ## - CATALOGING SOURCE | |
| Original cataloging agency | BD-RjUL |
| Language of cataloging | eng |
| Transcribing agency | BD-RjUL |
| 041 ## - LANGUAGE CODE | |
| Language code of text/sound track or separate title | ben |
| 082 ## - DEWEY DECIMAL CLASSIFICATION NUMBER | |
| Edition number | 23 |
| Classification number | 333.315492 |
| Author mark and year | ISB 2002 |
| 100 ## - MAIN ENTRY--PERSONAL NAME | |
| Personal name | ইসলাম, কাবেদুল |
| 9 (RLIN) | 235029 |
| 245 ## - TITLE STATEMENT | |
| Title | বাংলাদেশের ভূমিব্যবস্থা / |
| Statement of responsibility, etc. | কাবেদুল ইসলাম |
| 260 ## - PUBLICATION, DISTRIBUTION, ETC. (IMPRINT) | |
| Place of publication, distribution, etc. | ঢাকা : |
| Name of publisher, distributor, etc. | মাওলা ব্রাদাস, |
| Date of publication, distribution, etc. | ১৯৯৯, [মুদ্রণ ২০০২] |
| 300 ## - PHYSICAL DESCRIPTION | |
| Pagination | ২৮০ পৃ. ; |
| Size | ২৩ সেমি. |
| 650 ## - SUBJECT ADDED ENTRY--TOPICAL TERM | |
| Topical term or geographic name as entry element | ভূমি সংস্কার |
| Geographic subdivision | বাংলাদেশ |
| 9 (RLIN) | 235030 |
| Topical term or geographic name as entry element | Land reform |
| Geographic subdivision | Bangladesh |
| 9 (RLIN) | 235031 |
| 942 ## - ADDED ENTRY ELEMENTS (KOHA) | |
| Source of classification or shelving scheme | Dewey Decimal Classification |
| Koha item type | Books |
| Lost status | Source of classification or shelving scheme | Damaged status | Not for loan | Collection code | Permanent Location | Current Location | Shelving location | Date acquired | Source of acquisition | Cost, normal purchase price | Total Checkouts | Full call number | Date last seen | Copy number | Koha item type |
|---|---|---|---|---|---|---|---|---|---|---|---|---|---|---|---|
| Dewey Decimal Classification | Non-fiction | Central Library, University of Rajshahi | Central Library, University of Rajshahi | 12/11/2019 | Biddasagar, Rajshahi | 200.00 | B 333.315492 ISB 2002 | 18/11/2019 | C-2 | Books | |||||
| Dewey Decimal Classification | Not For Loan | Non-fiction | Central Library, University of Rajshahi | Central Library, University of Rajshahi | Reading Room | 12/11/2019 | Biddasagar, Rajshahi | 200.00 | B 333.315492 ISB 2002 | 18/11/2019 | C-1 | Books |